000 00343nam a22001217a 4500
999 _c2811
_d2811
005 20200924134034.0
008 200924b ||||| |||| 00| 0 eng d
020 _a22150
040 _cCML
245 _aThe World Book Encyclopedia: Q-R.
260 _aLondon
_bWorld Book, Inc.
_c1991
942 _2ddc
_cBK
_eVolume 16
_h030
_kR
_mWOR